000 00983nam a22002297a 4500
999 _c357
_d357
003 AR-CdUCM
008 190223b ||||| |||| 00| 0 spa d
040 _aMUNICIPALIDAD PROVINCIAL DEL CUSCO
_cBIBLIOTECA MUNICIPAL DEL CUSCO
082 _a338.109 /
_bA48
100 _aAmbía, Abel Adrián
_91452
245 _aDel agrarismo al industrialismo nacional /
260 _aLima :
_bEds. Pukara,
_c1970.
300 _a257 páginas ;
_c21 cm.
500 _zBibliografía: p. 255-257.
505 _aContenido: Panorama general de la Realidad Nacional -- Estructura agraria en el Perú -- Estado actual de la producción agraria -- Simbiosis agro-industrial -- ¿El Perú un país en vía de desarrollo? -- El industrialismo: su importancia en el desarrollo ...
650 _aDesarrollo agrícola
_91453
650 _aRealidad Nacional
_91454
650 _aIndustrialización
_91455
650 _aTransformación económica
_91456
942 _2ddc
_cLIBROS
945 _araen
_d2019-02-23